[Event "Baden-ch U18/20"]
[Site "Karlsruhe"]
[Date "2014.01.04"]
[Round "5"]
[White "Walther, Felix"]
[Black "Bablich, Tobias"]
[Result "1-0"]
[WhiteElo "1525"]
[BlackElo "1572"]
[PlyCount "53"]
[EventDate "2014.01.??"]
[EventType "swiss"]
[EventRounds "7"]
[EventCountry "GER"]
[SourceTitle "EXT 2022"]
[Source "ChessBase"]
[SourceDate "2021.10.06"]
[SourceVersion "1"]
[SourceVersionDate "2021.10.06"]
[SourceQuality "1"]

1. e4 e5 2. Nf3 Nf6 3. Nc3 Bb4 4. d3 Nc6 5. Bg5 h6 6. Bh4 g5 7. Bg3 d6 8. Nd2 Be6 9. f3 g4 10. Bh4 Rg8 11. Be2 gxf3 12. Bxf3 Nb8 13. Ne2 Nbd7 14. c3 Ba5 15. Qa4 Bb6 16. Nc4 Bxc4 17. Qxc4 c6 18. 0-0-0 Be3+ 19. Kb1 Bg5 20. Bxg5 hxg5 21. Ng3 g4 22. Be2 d5 23. exd5 Nxd5 24. Rhf1 N7b6 25. Qe4 Qc7 26. Bxg4 Nf4 27. Rxf4 1-0

[Event "Baden-ch U18/20"]
[Site "Karlsruhe"]
[Date "2014.01.03"]
[Round "3"]
[White "Schell, Felix"]
[Black "Bablich, Tobias"]
[Result "1-0"]
[WhiteElo "1800"]
[BlackElo "1572"]
[PlyCount "53"]
[EventDate "2014.01.??"]
[EventType "swiss"]
[EventRounds "7"]
[EventCountry "GER"]
[SourceTitle "EXT 2022"]
[Source "ChessBase"]
[SourceDate "2021.10.06"]
[SourceVersion "1"]
[SourceVersionDate "2021.10.06"]
[SourceQuality "1"]

1. e4 e5 2. Bc4 Nf6 3. Nf3 Nc6 4. Ng5 d5 5. exd5 Nxd5 6. d4 Be6 7. Nxe6 fxe6 8. dxe5 Nxe5 9. Qh5+ Nf7 10. 0-0 Qd7 11. Bg5 g6 12. Qh4 Nxg5 13. Qxg5 Be7 14. Qg4 0-0-0 15. Nc3 Rhf8 16. g3 Kb8 17. Ne2 Bc5 18. c3 Rf6 19. Rad1 c6 20. Bb3 Qe7 21. c4 Nc7 22. Qg5 Rdf8 23. Nf4 e5 24. Nd3 Bd4 25. Rde1 h6 26. Qg4 h5 27. Qxd4 1-0